1528 1139 1951 1641 1047 1303 1505 1847 1284 1776 1006 1159 1237 1525 1030 1382 1892 1423 1021 1040 1720 1258 1773 1411 1509 1637 1932 1615 1803 1032 1018 1391 1938 1753 1877 1027 1137 1822 1389 1967 1419 1414 1400 1518 1168 1035 1966 1096 1240 1862 1643 1713 1173 1690 1768 1461 1259 1537 1904 1862 1606 1259 1322 1475 1204 1679 1225 1627 1928 1962 1973 1883 1298 1892 1474 1274 1650 1652 1888 1535 1463 1939 1606 1086 1883 1228 1470 1088 1530 1970 1733 1083 1776 1355 1862 1756 1103 1011 1261 BCNSPRNW ULIB Ver.6.0+V

เปลี่ยนเป็นภาษาไทย

Change to English
 แสดงรายละเอียดบรรณานุกรม
  กลับหน้าหลัก

Brief Record : Get Marc (ISO 2709) : E-mail record : QR code < ปิดหน้าต่าง
LEADER : 00000nam 2200000uu 4500
001    13399127994
003     ULIB
008    211222s2564||||th 000 0 tha d
020    ^a9786169129868^c300
060 04 ^aWT100^bป269
245 00 ^aประเด็นสำคัญในทางปฏิบัติสำหรับการดูแลผู้สูงอายุระยะยาว /^c[บรรณาธิการ]วีรศักดิ์ เมืองไพศาล
250    ^aพิมพ์ครั้งที่ 1
260    ^aกรุงเทพฯ : ^bสมาคมพฤฒาวิทยาและเวชศาสตร์ผู้สูงอายุไทย,^c2564
300    ^a236 หน้า : ^bภาพประกอบ ;^c24 ซม.
650  7 ^aผู้สูงอายุ ^xการดูแล
650  7 ^aเวชศาสตร์ผู้สูงอายุ
650  7 ^aผู้สูงอายุ ^xการดูแลระยะยาว
700 0  ^aวีรศักดิ์ เมืองไพศาล, ^eบรรณาธิการ
710 2  ^aสมาคมพฤฒาวิทยาและเวชศาสตร์ผู้สูงอายุไทย ^xวารสาร
945    ^p300^l0^i008581
945    ^p300^l0^i008680
945    ^p300^l0^i008681
945    ^p300^l0^i008682
945    ^p300^l0^i008683
945    ^p300^l0^i008684
945    ^p300^l0^i008685
945    ^p300^l0^i008686
945    ^p300^l0^i008687
945    ^p300^l0^i008688
945    ^p300^l0^i008689
945    ^p300^l0^i008690
945    ^p300^l0^i008691
945    ^p300^l0^i008692
945    ^p300^l0^i008693
945    ^p300^l0^i008694
999    ^aประนอม เกษจรัล
รายการนี้ยังไม่มีแท็ก
คุณยังไม่ได้ล็อกอิน คุณสามารถมีกิจกรรมร่วมกับเว็บไซต์ได้ แต่ต้องล็อกอินก่อน ::
  ล็อกอิน

รายการสื่อสารสนเทศ

ลำดับที่ ประเภท เลขเรียก/บาร์โค้ด สถานที่ สถานะ
1. วิทยาศาสตร์การแพทย์ และสุขภาพ
หนังสือสำรอง
สถานะ=หนังสือสำรอง
WT100 ป269 ฉ.1 
  Barcode: 008581
ห้องสมุดวิทยาเขตสวรรค์ประชารักษ์
►หนังสือทั่วไป
บนชั้น
2. วิทยาศาสตร์การแพทย์ และสุขภาพ
วิทยาศาสตร์การแพทย์ และสุขภาพ
WT100 ป269 ฉ.10 
  Barcode: 008688
ห้องสมุดวิทยาเขตสวรรค์ประชารักษ์
►หนังสือทั่วไป
บนชั้น
3. วิทยาศาสตร์การแพทย์ และสุขภาพ
วิทยาศาสตร์การแพทย์ และสุขภาพ
WT100 ป269 ฉ.11 
  Barcode: 008689
ห้องสมุดวิทยาเขตสวรรค์ประชารักษ์
►หนังสือทั่วไป
บนชั้น
4. วิทยาศาสตร์การแพทย์ และสุขภาพ
วิทยาศาสตร์การแพทย์ และสุขภาพ
WT100 ป269 ฉ.12 
  Barcode: 008690
ห้องสมุดวิทยาเขตสวรรค์ประชารักษ์
►หนังสือทั่วไป
บนชั้น
5. วิทยาศาสตร์การแพทย์ และสุขภาพ
วิทยาศาสตร์การแพทย์ และสุขภาพ
WT100 ป269 ฉ.13 
  Barcode: 008691
ห้องสมุดวิทยาเขตสวรรค์ประชารักษ์
►หนังสือทั่วไป
บนชั้น
6. วิทยาศาสตร์การแพทย์ และสุขภาพ
วิทยาศาสตร์การแพทย์ และสุขภาพ
WT100 ป269 ฉ.14 
  Barcode: 008692
ห้องสมุดวิทยาเขตสวรรค์ประชารักษ์
►หนังสือทั่วไป
บนชั้น
7. วิทยาศาสตร์การแพทย์ และสุขภาพ
วิทยาศาสตร์การแพทย์ และสุขภาพ
WT100 ป269 ฉ.15 
  Barcode: 008693
ห้องสมุดวิทยาเขตสวรรค์ประชารักษ์
►หนังสือทั่วไป
บนชั้น
8. วิทยาศาสตร์การแพทย์ และสุขภาพ
วิทยาศาสตร์การแพทย์ และสุขภาพ
WT100 ป269 ฉ.16 
  Barcode: 008694
ห้องสมุดวิทยาเขตสวรรค์ประชารักษ์
►หนังสือทั่วไป
บนชั้น
9. วิทยาศาสตร์การแพทย์ และสุขภาพ
วิทยาศาสตร์การแพทย์ และสุขภาพ
WT100 ป269 ฉ.2 
  Barcode: 008680
ห้องสมุดวิทยาเขตสวรรค์ประชารักษ์
►หนังสือทั่วไป
บนชั้น
10. วิทยาศาสตร์การแพทย์ และสุขภาพ
วิทยาศาสตร์การแพทย์ และสุขภาพ
WT100 ป269 ฉ.3 
  Barcode: 008681
ห้องสมุดวิทยาเขตสวรรค์ประชารักษ์
►หนังสือทั่วไป
บนชั้น
11. วิทยาศาสตร์การแพทย์ และสุขภาพ
วิทยาศาสตร์การแพทย์ และสุขภาพ
WT100 ป269 ฉ.4 
  Barcode: 008682
ห้องสมุดวิทยาเขตสวรรค์ประชารักษ์
►หนังสือทั่วไป
บนชั้น
12. วิทยาศาสตร์การแพทย์ และสุขภาพ
วิทยาศาสตร์การแพทย์ และสุขภาพ
WT100 ป269 ฉ.5 
  Barcode: 008683
ห้องสมุดวิทยาเขตสวรรค์ประชารักษ์
►หนังสือทั่วไป
บนชั้น
13. วิทยาศาสตร์การแพทย์ และสุขภาพ
วิทยาศาสตร์การแพทย์ และสุขภาพ
WT100 ป269 ฉ.6 
  Barcode: 008684
ห้องสมุดวิทยาเขตสวรรค์ประชารักษ์
►หนังสือทั่วไป
บนชั้น
14. วิทยาศาสตร์การแพทย์ และสุขภาพ
วิทยาศาสตร์การแพทย์ และสุขภาพ
WT100 ป269 ฉ.7 
  Barcode: 008685
ห้องสมุดวิทยาเขตสวรรค์ประชารักษ์
►หนังสือทั่วไป
บนชั้น
15. วิทยาศาสตร์การแพทย์ และสุขภาพ
วิทยาศาสตร์การแพทย์ และสุขภาพ
WT100 ป269 ฉ.8 
  Barcode: 008686
ห้องสมุดวิทยาเขตสวรรค์ประชารักษ์
►หนังสือทั่วไป
บนชั้น
16. วิทยาศาสตร์การแพทย์ และสุขภาพ
วิทยาศาสตร์การแพทย์ และสุขภาพ
WT100 ป269 ฉ.9 
  Barcode: 008687
ห้องสมุดวิทยาเขตสวรรค์ประชารักษ์
►หนังสือทั่วไป
บนชั้น

รายการใกล้เคียง
    หัวเรื่อง [เวชศาสตร์ผู้สูงอายุ]

BibComment


ยังไม่เคยถูกคอมเมนท์

คอมเมนท์ทรัพยากรรายการนี้
  คอมเมนท์: ประเด็นสำคัญในทา..


 Copyright 2026. Bcnsprnw @Library